| 000 | 00907nam a2200301 a 4500 | ||
|---|---|---|---|
| 001 | 22561 | ||
| 003 | SK-KTurca | ||
| 005 | 20260401103445.0 | ||
| 008 | 080709s2008 xo d 000 f slo d | ||
| 020 | _a9788055115283 (viaz.) | ||
| 035 | _aa000395962 | ||
| 040 |
_aUKB _bslo _cUKB _eAACR2 |
||
| 041 | 1 |
_aslo _heng |
|
| 044 |
_axo _cSK |
||
| 072 | 7 |
_a821.111(73) _xAmerická literatúra _2konspekt |
|
| 080 |
_a821.111(73)-31 _22004 |
||
| 080 |
_a(0:82-31) _22004 |
||
| 100 | 1 |
_aLindsey, Johanna, _d1952-2017 |
|
| 240 | 1 | 0 |
_aCaptive of my desires. _lSlovensky |
| 245 | 1 | 0 |
_aV zajatí túžob _cJohanna Lindseyová ; [z anglického originálu preložila Tamara Chovanová] |
| 260 |
_aBratislava _bIkar _c2008 |
||
| 300 | _a255, [1] s. | ||
| 653 | _a821.111(73)-31 | ||
| 653 | _a(0:82-31) | ||
| 655 | 7 |
_aamerické romány _2UKBPH |
|
| 700 | 1 |
_aChovanová, Tamara, _d1953- _4trl |
|
| 942 |
_2ddc _cKLDO _n0 |
||
| 999 |
_c22561 _d22561 |
||